Math Chain #4 - Statistics

General Stats
  • This quiz has been taken 67 times
  • The average score is 11 of 20
Answer Stats
Hint Answer % Correct
- 44 47
100%
42 / 6 7
100%
+ 700 747
100%
* 13 91
100%
/ 9 83
93%
^0 1
83%
ln(Ans) 0
65%
+ 2.7183 (as a single character) e
40%
/ 4 (decimal) 0.25
35%
^(i*pi) -1
35%
^2 1
35%
+ 48.8 49.05
35%
- 12 0
33%
/ 37 107
33%
/ 7 12
33%
* 89 1335
33%
- (27/20) 15
33%
/ 3 16.35
33%
+ 2624 3959
33%
- 23 84
33%
No matching quizzes found
Score Distribution
Percent of People with Each Score
Percentile by Number Answered
Your Score History
You have not taken this quiz